banner koha

Tecnologia de aplicacao de adubos foliares (Registro n. 313062)

MARC details
000 -LÍDER
campo de controle de tamanho fixo 01223naa a22003017a 4500
001 - NÚMERO DE CONTROLE
campo de controle BR8100619
003 - IDENTIFICADOR DO NÚMERO DE CONTROLE
campo de controle BR-BrBNA
005 - DATA E HORÁRIO DA ÚLTIMA TRANSAÇÃO
campo de controle 20240918174719.0
007 - CAMPO FIXO DE DESCRIÇÃO FÍSICA--INFORMAÇÃO GERAL
campo de controle de tamanho fixo ta
008 - CAMPO DE DADOS FIXOS--INFORMAÇÃO GERAL
campo de controle de tamanho fixo 230509b bl.||||| |||| 00| 0 por d
040 ## - FONTE DA CATALOGAÇÃO
Instituição da catalogação original BR-BrBNA
Idioma da catalogação por
Instituição que transcreveu o registro Biblioteca Nacional de Agricultura
041 ## - CÓDIGO DE IDIOMA
Código do idioma do texto/trilha sonora ou título diferente (Pt)
072 ## - CÓDIGO DE CATEGORIA DE ASSUNTO
Código de Categoria de Assunto F25
Código do objeto 3801
090 ## - NÚMERO DE CHAMADA LOCAL
Número de chamada F25 BR8100619
100 1# - ENTRADA PRINCIPAL--NOME PESSOAL
Nome pessoal Furlani Junior, J.A.
111 1# - ENTRADA PRINCIPAL--NOME DO EVENTO
Nome do evento ou lugar 1. Simposio de Adubacao Foliar
Local do evento Botucatu, SP (Brazil)
Data do evento ou assinatura do tratado 4 Aug 1980
245 1# - TÍTULO
Título Tecnologia de aplicacao de adubos foliares
246 1# - FORMA VARIANTE DO TÍTULO
Título/título abreviado [Technology for the use of foliar manures]
246 1# - FORMA VARIANTE DO TÍTULO
Título/título abreviado [Annals of the 1. Symposium on Foliar Manuring]
260 3# - PUBLICAÇÃO, DISTRIBUIÇÃO, ETC.
Local de publicação, distribuição, etc. Botucatu, SP (Brasil):
Data da publicação, distribuição, etc. 1981.
500 ## - NOTA GERAL
Nota geral Boaretto, A.E.; Rosolem, C.A. (eds.)<br/>Anais do 1. Simposio de Adubacao Foliar<br/>Botucatu, SP (Brasil): 1981. p. 18-24<br/>(BR8100619-AM)F25<br/>
650 ## - ASSUNTO--TERMO TÓPICO
Cabeçalho tópico ou nome geográfico Fertilizante
650 ## - ASSUNTO--TERMO TÓPICO
Cabeçalho tópico ou nome geográfico Adubacao foliar
650 ## - ASSUNTO--TERMO TÓPICO
Cabeçalho tópico ou nome geográfico Pulverizacao
773 0# - ENTRADA ANALÍTICA
Título Anais do 1. Simposio de Adubacao Foliar
Entrada principal Boaretto, A.E.; Rosolem, C.A. (eds.). Fundacao de Estudos e Pesquisas Agricolas e Florestais, Botucatu, SP (Brasil)
Número de controle do registro F25 BR8100619
Partes relacionadas Botucatu, SP (Brasil), 1981. p. 18-24
909 ## -
-- 202404
-- Lucia
-- 55
-- Lucia Elande
942 ## - ELEMENTOS DE ENTRADA ADICIONADOS (KOHA)
Tipo de material Koha Capítulo-Livro
Fonte da classificação ou esquema de arquivamento na estante Classificação AGRIS
Exemplares
Situação do descarte Fonte da classificação ou esquema de arquivamento na estante Situação física Não pode ser emprestado Coleção Biblioteca de origem Biblioteca atual Localização na estante Total de empréstimos Número de telefone completo Data de último acesso Número do exemplar Tipo de material Koha Situação das perdas Data de aquisição Fonte de aquisição
  Classificação AGRIS       Biblioteca Nacional de Agricultura - Binagri Biblioteca Nacional de Agricultura - Binagri Agrobase - Acervo Geral   3801 BR8100617 20/05/2024 01 Capítulo-Livro   2024-04-11 Portaria Interministerial nº 164/94

BINAGRI

Telefone: (61)3218-2567/2388/3357/2097 - binagri@agro.gov.br

Ministério da Agricultura e Pecuária , Esplanada dos Ministérios, Bloco D, Anexo B, Brasília/DF, CEP: 70.043-900